Handout on : Toward a National Spatial Data Infrastructure, Geoinformation based on Satellite Data, New Technology in Geoinformation. (Record no. 21352)

000 -LEADER
fixed length control field 00320nam a22000977a 4500
040 ## - CATALOGING SOURCE
Transcribing agency RUA
082 ## - DEWEY DECIMAL CLASSIFICATION NUMBER
Classification number LMA MAR 2004 C227 Or.
245 ## - TITLE STATEMENT
Title Handout on : Toward a National Spatial Data Infrastructure, Geoinformation based on Satellite Data, New Technology in Geoinformation.
260 ## - PUBLICATION, DISTRIBUTION, ETC. (IMPRINT)
Place of publication phnom penh
Name of publisher rua
Year of publication 2004
942 ## - ADDED ENTRY ELEMENTS (KOHA)
Koha item type សៀវភៅភាសាអង់គ្លេស
952 ## - LOCATION AND ITEM INFORMATION (KOHA)
Withdrawn status [LOCAL, KOHA] 0
952 ## - LOCATION AND ITEM INFORMATION (KOHA)
Withdrawn status [LOCAL, KOHA] 0
952 ## - LOCATION AND ITEM INFORMATION (KOHA)
Withdrawn status [LOCAL, KOHA] 0
Holdings
Permanent Location Date acquired Koha item type Lost status Shelving location Barcode Current Location Full call number
Library Block C2023-05-17សៀវភៅភាសាអង់គ្លេស C227a17181Library Block CLMA MAR 2004 C227 Or.
Library Block C2023-05-17សៀវភៅភាសាអង់គ្លេស C227a16607Library Block CLMA MAR 2004 C227 Or.
Library Block C2023-06-05សៀវភៅភាសាអង់គ្លេស C227A16407Library Block CLMA MAR 2004 C227 Or.
មជ្ឈមណ្ឌលឯការនៃសាកលវិទ្យាល័យភូមិន្ទកសិកម្មចំការដូង

Powered by Koha